00432nam a2200133Ia 4500100002100000942000700021654003000028245004200058260003300100082001500133546001200148999001700160952012100177 aDerfler & Freed  cBK aWindows for work groups aGuide to Windows for work Groups bZiff.DavisaCaliforniac1991 a005.13 'W' aENGLISH c29582d29582 001040708CRCaCRCEbCRCEc1429 | 33d2023-03-17g240.00l0o005.13 'W' p6361r2023-03-17v240.00w2023-03-17yBK